000 00254nam a2200109Ia 4500
008 231212s1977 xx 000 0 und d
041 _aeng
082 _a625.8
100 _aPinsky A.A.
245 _aProblems in Physics
260 _aMascow
_bMir Pub
_c1977
999 _c958558
_d958558